Vista normal
Vista MARC
Entrada Personal Name
Número de registros utilizados en: 3
001 - CONTROL NUMBER
- control field: 6431
003 - CONTROL NUMBER IDENTIFIER
- control field: OSt
005 - DATE AND TIME OF LATEST TRANSACTION
- control field: 20230915225842.0
008 - FIXED-LENGTH DATA ELEMENTS
- fixed length control field: 230915|| aca||aabn | a|a d
040 ## - CATALOGING SOURCE
- Original cataloging agency: OSt
- Transcribing agency: OSt
100 ## - HEADING--PERSONAL NAME
- Personal name: Encuentro sobre responsabilidad, 2o. instituto antioqueño de responsabilidad civil y del estado. junio 8 de 1995
670 ## - SOURCE DATA FOUND
- Source citation: Work cat.: (OSt)19219: Encuentro sobre responsabilidad, 2o. instituto antioqueño de responsabilidad civil y del estado. junio 8 de 1995, Responsabilidad por transmisión de enfermedades, 1995